Statistics for Simpsons Decoder

Click here to take the quiz!

General Stats

  • This quiz has been taken 16,994 times
    (16,955 since last reset)
  • The average score is 19 of 29

Answer Stats

Hint Answer % Correct
MBart's best friendMilhouse
96%
LMiddle Simpson childLisa
96%
IScratchy's tormentorItchy
94%
NType of power plant in
Springfield
Nuclear
92%
NNeighbor FlandersNed
92%
AKwik-e-Mart ownerApu
92%
EBart's catchprase{Eat} My
Shorts
91%
BHomer's favorite type of beverageBeer
91%
SMr. Burns' assistantSmithers
87%
ETeacher KrabappelEdna
80%
SInstrument played
by Bleeding Gums Murphy
Saxophone
78%
GWillie's job at the schoolGroundskeeper
77%
OFirst name of the school bus driverOtto
76%
TSherri's twin sisterTerri
66%
LReverend of Springfield's churchLovejoy
65%
HCharacter that provided the
voice of Poochie
Homer
62%
SSpringfield's rival townShelbyville
61%
ISpringfield's baseball teamIsotopes
58%
EShow Kent Brockman hosts{Eye} on
Springfield
57%
LSpringfield's sacred fruit treeLemon
56%
HSimpson family doctorHibbert
55%
FRadioactive Man's sidekick{Fallout} Boy
51%
IKwik-E-Mart headquarters locationIndia
47%
UGerman exchange studentÜter
37%
TName of the local discount store{Try}-N-Save
34%
ATV alien on Milhouse's
pog collection
Alf
33%
SSupervillain Homer briefly works forScorpio
32%
Me fail English? That's unpossible.
32%
PSchool Lionel Hutz claims to have
a law degree from
Princeton
28%

Score Distribution

Percentile by Number Answered

Percent of People with Each Score

Your Score History

You have not taken this quiz since the last reset